000 00816nam a22002297a 4500
999 _c20095
_d20095
003 AR-CdUCM
008 190525b ||||| |||| 00| 0 spa d
020 _a84-317-0340-7
040 _aMUNICIPALIDAD PROVINCIAL DEL CUSCO
_cBIBLIOTECA MUNICIPAL DEL CUSCO
082 _a792 /
_bL83
100 _aLopez Mozo, Jeronimo
_942044
245 _aTeatro de barrio teatro campesino /
260 _aMadrid :
_bZero,
_c1976.
300 _a213 páginas
_c21 cm.
440 _aBiblioteca ''Promoción del pueblo''
_942045
505 _aContenido: Antecedentes del teatro de barrio y campesino -- Organización interna del grupo -- Elementos que intervienen en la puesta en escena...
650 _aTeatro
_9443
650 _aimprovisaciones
_942046
650 _aCirco
_942047
942 _2ddc
_cLIBROS
945 _aJavier